| 000 | 00873nam a22002417a 4500 | ||
|---|---|---|---|
| 999 |
_c16606 _d16606 |
||
| 003 | AR-CdUCM | ||
| 008 | 190503b ||||| |||| 00| 0 spa d | ||
| 040 |
_aMUNICIPALIDAD PROVINCIAL DEL CUSCO _cBIBLIOTECA MUNICIPAL DEL CUSCO |
||
| 082 |
_a634.305 / _bS24 |
||
| 100 |
_aSánchez Reyes, Cristian _921418 |
||
| 245 | _aProducción y comercialización de cítricos / | ||
| 260 |
_aLima : _bEds. Ripalme, _c2005. |
||
| 300 |
_a134 paginas ; _c21 cm. |
||
| 505 | _aContenido :Datos básicos --La plantación --Las labores culturales --Especies y variedades --Industrialización y comercialización ... | ||
| 650 |
_aCítricos _936147 |
||
| 650 |
_aEnfermedades y plagas _921226 |
||
| 650 |
_aIndustria y comercio _96100 |
||
| 650 |
_aNaranjas. _936148 |
||
| 650 |
_aMandarinas _936149 |
||
| 650 |
_aToronjas _936150 |
||
| 942 |
_2ddc _cLIBROS |
||
| 945 |
_arjall _d2019-05-03 |
||